000
00279nam a22001337a 4500
008
221006b ||||| |||| 00| 0 eng d
041
_a
eng
080
_a
330
082
_a
330
100
_a
51
101
_a
INV
245
_a
OLDER AMERICANS 2008
_c
WALLMAN K
942
_2
udc
_c
BK
999
_c
58381
_d
58381